000 00659cab a2200241 4500
001 WB3335-29
008 090401t1997 xxu||||| |||| 00| 0 eng d
035 _a(Sirsi) u80767
041 _aeng
245 2 _aA legal minefield
260 _c1997
350 _a0
490 _aFinancial Times
_v10 September 1997, 13(1)
520 _aA nine-point checklist to help companies with Year 2000 problems, avoid litigation.
650 _aCHECKLIST
650 _aCOMPUTERS
650 _aLITIGATION
650 _aMILLENNIUM
650 _aYEAR 2000
690 _aMANAGEMENT-BUSINESS MANAGEMENT-INFORMATION MANAGEMENT
942 _n0
948 _c10/09/1997
999 _c50858
_d50858